Регионална библиотека "Любен Каравелов" - Русе

Докато смелостта ни раздели (Запис номер 473714)

MARC детайли
000 -Лидер
Контролно поле с фиксирана дължина 01102nam a2200253 a 4500
003 - Код на организацията, давaща контролен номер
Контролно поле BLK
005 - Дата и час на последна редакция
Контролно поле 20250618100912.0
008 - Елементи от данни с фиксирана дължина
fixed length control field 220920b bu |||||r|||| 00| | bu d
020 ## - Международен стандартен номер на книга ISBN
Международен стандартен номер на книга ISBN 9789544718411
040 ## - Източник на каталожния запис
Идентификатор на билиотеката - собственик на записа BLK
041 ## - Код за език
Код за езика на текст/звукозапис или на отделно заглавие Български
Код за езика КДБФ Български
080 ## - УДК
Текстов определител УДК Българска литература
УДК код - определител по УДК 821.163.2
УДК определител -31
УДК - код + определител 821.163.2-31
100 ## - Редна дума - Автор
R(LIN) 1299
Автор Пламенова, Милена
Авторска отговорност първи автор
Пълна форма на името Ковачева, Милена Пламенова
139 ## - Редно поле
Редна дума Пламенова, Милена,
Авторски знак Пла - П 57
245 ## - Сведения за заглавието
Заглавие Докато смелостта ни раздели
Подзаглавни данни роман
Редно поле (дума) Милена Пламенова
260 ## - Област на издателските данни
9 (RLIN) 211546
Място на издаване, разпространение и проч. Бургас
Име на издателя, разпространителя и проч. Либра Скорп
Година на издаване 2022
Печатница ([София] : [M&BM])
Издателство - префикс ISBN 978-954-471- ; 954-91146- ; 954-9306-
300 ## - Физическа характеристика
Страници 256 с.
Размери/Мащаб 20 см
380 ## - Жанр
Жанр Худож. лит.
500 ## - Общи забележки
Забележка Пълната форма на името на авт. Милена Пламенова е Милена Пламенова Ковачева.
852 ## - Местоположение
Форматна сигнатура Цб 314444
Фондова буква Хранилище
942 ## - АРТИКУЛИ
Вид на библиотечния материал Книги
Скрит в OPAC Не
Периодичен библиозапис Да
Koha issues (borrowed), all copies 1
944 ## - СЪЗДАВАНЕ И РЕДАКЦИЯ на ЗАПИСА
Създаване/Редакция Създаване
Дата на регистрацията/редакция 2022-09-20
Служител, извършил регистрацията/редакцията 30530
Статус, дата на статуса Минев Младен
999 ## - СИСТЕМНИ КОНТРОЛНИ НОМЕРА
Koha biblionumber 473714
Koha biblioitemnumber 473714
999 ## - СИСТЕМНИ КОНТРОЛНИ НОМЕРА
Koha biblioitemnumber 473714
Наличности
Код за отписване Код за изгубен артикул Източник на класификационната схема Код за повреда Коз за рестрикции Код за отдаване Артикулен № Име на библиотеката - собственик Име на библиотеката, в която се намира в момента Статус (Текущо местоположение) Дата на вписване в системата Местоположение - отдел Цена в лева Систематично азбучна сигнатура Баркод Цена в евро Служебен тип на артикула Инвентарен номер
  Не е изгубен Universal Decimal Classification Не е повреден само за читалня ползва се в читалня 905208 Регионална библиотека "Любен Каравелов" Русе Регионална библиотека "Любен Каравелов" Русе Хранилище 2022-09-23 Хранилище 24.90 Цб 314444 120000877041 12.73 Книги  
  Не е изгубен Universal Decimal Classification Не е повреден   заемане за дома 974559 Регионална библиотека "Любен Каравелов" Русе Регионална библиотека "Любен Каравелов" Русе Заемна - подръчен фонд 2025-06-04 Заемна - подръчен фонд 24.90 821.163.2-31/П 57 М 120000920025 12.73 Книги 120000920025
Vip Innovations Ltd, Rousse, Bulgaria 2025